000
00258nmm a2200085Ia 4500
008
220120s9999||||xx |||||||||||||||||und||
100
_a
Linux for you
245
0
_a
Knoppix-7.2.0, sabayon Linux 13.8, Centos 6.4, Zorin os7.
260
_a
Cyber media Pvt. Ltd.
_c
2013
999
_c
139867
_d
139867